| 000 | 02065nam0a22003251 4500 | ||
|---|---|---|---|
| 001 | v19\rc\1547737 | ||
| 005 | 20260408012624.0 | ||
| 035 | _a(NLR Aleph) 004663903 | ||
| 090 |
_a3587316 _c3587316 |
||
| 100 | _a20060620d1889 |||y0rusy50 ca | ||
| 101 | 0 | _arus | |
| 102 | _aRU | ||
| 105 | _ay z ||||| | ||
| 200 | 1 |
_aМатериалы для истории Пугачевского бунта, собранные С.С. Краснодубровским _eиз Архива Астраханской духовной консистории _eдело за № 8633 _e[читано в заседании Архивной комиссии] |
|
| 210 |
_aСаратов _cТипография Губернского Земства _d1889 |
||
| 215 |
_a[2], 47 с. _d24 |
||
| 225 | 1 |
_aТруды Саратовской ученой архивной комиссии _v1889, т. 2, вып. 2 |
|
| 300 | _a"Перепеч. из вып. 2 за 1889 г. "Трудов" Саратовской ученой архивной комиссии" | ||
| 316 |
_aЭкз. РНБ на шифре 18.122.2.207: с автографом автора _5NLR: 18.122.2.207 |
||
| 488 | 0 |
_12001#$aТруды Саратовской ученой архивной комиссии$v1889 год, т. 2, вып. 2 _tТруды Саратовской ученой архивной комиссии |
|
| 517 | 1 |
_aАрхив Астраханской духовной консистории _aИз Архива Астраханской духовной консистории _e[читано в заседании Архивной комиссии] _zrus |
|
| 700 | 1 |
_8rus _7ca _aКраснодубровский _bС. С. _f1860- _gСтепан Семенович _3RU\NLR\AUTH\7783629 _966557 |
|
| 712 | 0 | 2 |
_4570 _aАстраханская духовная консистория _3RU\NLR\AUTH\8810174850 _9845758 |
| 801 | 0 |
_aRU _bNLR _gpsbo |
|
| 801 | 0 |
_aRU _bRuMoRGB _2psbo |
|
| 801 | 1 |
_aRU _bProSoft-M _2rusmarc |
|
| 801 | 2 |
_aRU _bNLR _c20180205 _2rusmarc |
|
| 852 |
_aNLR _j18.122.2.207 |
||
| 942 | _cBOOK | ||
| 980 | _aNB | ||